00506nam a2200109Ia 4500008004100000050002600041100003000067245017300097260008600270300002800356521001200384140724s9999 xx 000 0 und d aRM 735.A1b.B186 2011 aBalingit, Jeserene Ann E. 4aThe relationship between activities of daily living and life satisfaction among elderly living in Mary Mother of Mercy Home for the Elderly /cJeserene Ann E. Balingit. aLas Piñas, Philippines :bSouthville International School and Colleges,cc2011. a55 p. :bill. ;c28 cm. aNursing